| 000 | 00412cam a2200145ua 4500 | ||
|---|---|---|---|
| 003 | OSt | ||
| 008 | 240222b |||||||| |||| 00| 0 eng d | ||
| 041 | _aeng | ||
| 082 |
_a631.43 _bCON/IN |
||
| 100 |
_aConklin, Alfred D . _96087 |
||
| 245 | _aIntroduction to soil chemistry: Analysis and instrumentation / | ||
| 260 |
_aNew York : _bWiley Interscience publications , _c2005. |
||
| 300 | _a218 ; . | ||
| 942 | _cBK | ||
| 999 |
_c13153 _d13153 |
||